000 00632nam a2200265Ia 4500
005 20260121165850.0
008 008 260114s9999 xx 000 0 eng d
020 _a9789402408997
037 _aEBOOK
040 _aCRL
040 _beng
040 _cCRL
041 _2eng
041 _aeng
084 _qCRL
100 _aMichelle C. Langley
_91056989
245 0 _aOsseous Projectile Weaponry
260 _bSpringer
260 _bSpringer
260 _c2016
856 _uhttps://link.springer.com/openurl?genre=book&isbn=978-94-024-0899-7
942 _cEBOOK
999 _c1622717
_d1622717